000 01175nam a2200361 i 4500
001 4930
003 KOSZ 005
005 20201020111239.0
008 061229s1974 pl f |000 0 pol
015 _aPB 1974/8435
035 _a(OCoLC)749778872
040 _aWA N
_cWA N
_dKOSZ 005/HR
080 _a669.1
080 _a(083)
100 1 _aFamuła, Jan.
_eAutor
245 1 0 _aTablice stali jakościowych /
_cJan Famuła, Stanisław Mrowiec, Tadeusz Szumański.
250 _aWyd. 6 popr. i uzup.
260 _aWarszawa :
_b"Śląsk",
_c1974.
300 _a970, [2] s. ;
_c18 cm.
336 _2rdacontent
_aTekst
_btxt
337 _2rdamedia
_aBez urządzenia pośredniczącego
_bn
338 _2rdacarrier
_aWolumin
_bnc
380 _aKsiążki
388 _a1901-2000
388 _a1945-1989
658 _aInżynieria i technika
650 4 _aStal
700 1 _aSzumański, Tadeusz.
_eAutor
710 2 _aWydawnictwo "Śląsk"
_4pbl.
700 1 _aMrowec, Stanisław
_d(1928-2015)
_eAutor
856 _uhttp://koha.tu.koszalin.pl/cgi-bin/koha/opac-detail.pl?biblionumber=4930
_yKatalog online BPK
942 _2UKD
_cKS
999 _c4930
_d4930